000 01035nam a2200265Ia 4500
003 OSt
005 20220923211612.0
006 a|||||r|||| 00| 0
007 ta
008 220922b |||||||| |||| 00| 0 hin d
020 _a97898179171455 (hbk)
_c1750
024 _a283,172
037 _b27, 02/02/2015, P. K. Books
_cTextual
040 _aARTS
_cARTS
_bhin
041 _2hin
_ahin
082 _aO123,1N04w, 152Q4
100 _aनेरूदा, पाब्लो; चौहान, कर्ण सिंह, अनु.
_9160959
245 0 _aमेरा जीवन मेरा समय
246 _aMerā jīvan merā samaya
260 _aदिल्ली
_b ग्रंथ शिल्पी
_c2014
300 _a352पृ.
_ccm.
650 _aहिन्दी साहित्य
_9156264
942 _hO123,1N04w, 152Q4
_cTEXL
_2CC
999 _c301291
_d301291